The answer ends with an O - Statistics

General Stats
  • This quiz has been taken 62 times
  • The average score is 8 of 15
Answer Stats
Hint Answer % Correct
US state whose capital is Columbus Ohio
98%
Capital of Japan Tokyo
93%
Traditionally the sound a cow makes Moo
91%
Star sign of people born in late July and August Leo
80%
Large orchestral stringed instrument Cello
75%
Former host of the US Tonight show Jay Leno
69%
Small Principality on the Mediterranean coast Monaco
62%
Actor who starred in On The Waterfront & Guys And Dolls Marlon Brando
51%
Loop of rope used as a restraint Lasso
45%
Venezuelan river Orinoco
29%
Heartthrob actor who starred in many early silent films Rudolph Valentino
25%
UK Brand of Tea Typhoo
25%
American rapper who died in 2022 Coolio
13%
Native American trible who lived mainly in Colorado & Wyoming Arapaho
9%
Swiss pop duo who had hits with The Race, Vicious Games and Of Couse I'm Lying Yello
7%
No matching quizzes found
Score Distribution
Percent of People with Each Score
Percentile by Number Answered
Your Score History
You have not taken this quiz